<The> effectiveness of the economic diplomacy of France in increasing exports

Príspevok zisťuje účinok hospodárskej diplomacie Francúzska na vzrastajúci export.

Salvato in:
Dettagli Bibliografici
Autore principale: Ondrejkovič, Dávid
Natura: Capitolo di libro
Lingua:inglese
Soggetti:
Tags: Aggiungi Tag
Nessun Tag, puoi essere il primo ad aggiungerne!!

MARC

LEADER 00000nla a2200000 4500
001 0184025
005 20240502083433.5
041 0 |a eng 
044 |a CZ 
245 1 0 |a <The> effectiveness of the economic diplomacy of France in increasing exports  |c Dávid Ondrejkovič 
520 |a Príspevok zisťuje účinok hospodárskej diplomacie Francúzska na vzrastajúci export. 
610 2 0 |a diplomacia hospodárska 
610 2 0 |a podpora vývozu 
610 2 0 |a Francúzsko 
610 2 0 |a analýza regresná 
100 1 |a Ondrejkovič, Dávid